Nagyanyó /

Hlavní autor: Němcová, Božena, 1820-1862
Další autoři: Zólyomi, Antal, 1902-1986
Jazyk: Maďarština
Vydáno: Bratislava : Madách, 1974
Vydání: 2. kiad.
Externí odkaz: Digitalizovaný dokument
Fyzický popis: 273 s.
Knihy
Uloženo v:
LEADER 00861nam a2200241 a 4500
001 000616426
003 CZ BrMZK
005 20120926110937.0
007 ta
008 020812s1974 xo f hun d
040 |a BOA001  |b cze  |c BOA001 
041 1 |a hun  |h cze 
100 1 |a Němcová, Božena,  |d 1820-1862  |7 jk01083016  |4 aut 
245 1 0 |a Nagyanyó /  |c Božena Němcová ; fordít. Zólyomi Antal 
250 |a 2. kiad. 
260 |a Bratislava :  |b Madách,  |c 1974 
300 |a 273 s. 
700 1 |a Zólyomi, Antal,  |d 1902-1986  |7 mzk2010473998  |4 trl 
765 0 |t Babička  |9 Maďarsky 
856 4 1 |u http://www.digitalniknihovna.cz/mzk/uuid/uuid:2869c5e0-f2e5-11e3-b72e-005056827e52  |y Digitalizovaný dokument  |x NDK 
910 |a BOA001  |b 2-0719.423 
990 |a BK 
996 7 |b 2619697375  |c 2-0719.423  |l Sklad H1  |r Sklad / do 24 hodin  |n 1  |h HS212  |w 000616426  |u 000010  |a 1  |e BOA001  |j MZK50  |s A